A törvényen alapuló tartás szabályai

Elmentve itt :
Bibliográfiai részletek
Szerző: Kiss Anett
További közreműködők: Hegedűs Andrea (Témavezető)
Dokumentumtípus: Szakdolgozat
Megjelent: 2008
Tárgyszavak:
Online Access:http://diploma.bibl.u-szeged.hu/31064
LEADER 00625nta a2200169 i 4500
001 dipl31064
005 20130314091446.0
008 110922s2008 hu om 0|| zxx d
040 |a SZTE Diploma Repozitórium  |b hun 
041 |a zxx 
100 1 |a Kiss Anett 
245 1 2 |a A törvényen alapuló tartás szabályai  |h [elektronikus dokumentum] /  |c Anett Kiss 
246 1 0 |a Law-based duty of support's rules  |h [elektronikus dokumentum] 
260 |c 2008 
650 4 |a Jogi és igazgatási tanulmányok 
700 1 |a Hegedűs Andrea  |e ths 
856 4 0 |u http://diploma.bibl.u-szeged.hu/id/eprint/31064/1/2008_kiss_anett_73_2008.pdf  |z Dokumentum-elérés